Statistics for 50 Biggest US Cities with Exceptions

Click here to take the quiz!

General Stats

  • This quiz has been taken 212 times
  • The average score is 39 of 50

Answer Stats

Rank Pop US City % Correct
18,550,405New York
99%
22,720,546Chicago
97%
31,567,442Philadelphia
96%
41,563,025Phoenix
96%
31441,003Miami
96%
9684,451Seattle
96%
16632,309Portland
94%
10682,545Denver
94%
13667,137Boston
94%
5868,031Jacksonville
92%
11677,116Detroit
92%
32410,939Minneapolis
91%
24475,378Kansas City
91%
26463,878Atlanta
91%
35389,617New Orleans
90%
8827,097Charlotte
90%
6853,173Indianapolis
90%
36388,072Cleveland
89%
7850,106Columbus
88%
14655,770Memphis
88%
15654,610Nashville
87%
17631,346Oklahoma City
87%
37369,075Tampa
87%
18623,747Las Vegas
86%
19621,849Baltimore
85%
12672,228Washington, D.C.
85%
40315,685St. Louis
84%
21600,155Milwaukee
82%
42304,391Pittsburgh
81%
23531,641Tucson
80%
45298,550Cincinnati
77%
22559,121Albuquerque
77%
20615,366Louisville
77%
30443,885Omaha
75%
29451,066Raleigh
75%
28452,745Virginia Beach
75%
27456,568Colorado Springs
74%
43300,851St. Paul
69%
33403,505Tulsa
69%
39352,769Honolulu
59%
34389,965Wichita
59%
25474,140Mesa
59%
48281,944Newark
51%
44298,965Anchorage
49%
50277,348Lincoln
45%
49279,789Toledo
43%
41314,488Lexington
40%
47285,342Greensboro
37%
38359,407Aurora
36%
46285,667Henderson
25%

Score Distribution

Percentile by Number Answered

Percent of People with Each Score

Your Score History

You have not taken this quiz